Marine - Ma faute [paroles] - Statistiques

Statistiques générales
  • Ce quiz a été pris 174 fois
  • Le résultat moyen est 77 sur 109
Statistiques - réponses
Hint Réponse % Correct
2 ce
99%
14 faute"
99%
11 faute
99%
1 faute)
99%
10 ma
99%
1 (ma
99%
16 ta
97%
17 à
96%
1
96%
24 tu
96%
14 "c'est
95%
2 c'est
95%
20 dit
95%
3 la
95%
3 de
93%
7 je
93%
6 "je
93%
3 est
92%
6 le
92%
7 quand
92%
8 crié
90%
1 (crié
90%
8 j'ai
90%
21 m'as
90%
1 encore
89%
8 l'aide
89%
1 l'aide)
89%
1 ton
89%
1 verre
88%
8 ça
87%
10 perdre
87%
1 plein
87%
3 sera
87%
5 si
87%
4 sans
86%
6 bien
84%
1 est-ce
84%
6 t'aime"
84%
1 t'aime
84%
6 c'était
83%
7 et
83%
6 pleuré
81%
2 ne
80%
4 pas
78%
1 tes
78%
1 son
76%
3 tout
76%
8 haleine
75%
2 mais
75%
1 mots
75%
1 poids
75%
3 que
75%
2 voix
75%
1 mes
74%
1 sous
72%
1 sur
72%
2 moi
71%
2 faux
70%
1 trébuché
70%
1 vides
70%
1 jamais
68%
1 plus
68%
2 avec
67%
1 larmes
66%
1 nuit
66%
1 reste
66%
1 calme
65%
1 qui
65%
1 assise
63%
1 celle
63%
1 seule
63%
2 toi
63%
1 fait
62%
1 hausse
62%
1 porte
60%
1 vacarme
60%
1 forte
58%
1 sonne
58%
1 après
57%
1 claqué
56%
1 pensais
56%
1 relevée
55%
1 l'averse
54%
1 même
54%
1 sais
54%
1 vois
54%
1 malgré
53%
1 passée
53%
1 restent
53%
1 celles
51%
1 entendre
51%
1 parfois
51%
1 jours
50%
1 reconnais
50%
1 suis
50%
1 bruit
49%
1 beaux
48%
1 bas
47%
1 maintenant
47%
1 reviennent
46%
1 tombée
46%
1 j'entends
45%
1 pourtant
43%
1 oh
38%
1 n'te
37%
1 ouh)
15%
1 (ouh
15%
1 halaine)
14%
1 n'n'aimais
4%
Aucun quiz correspondant
Distribution des résultats
% des personnes avec chaque résultat
Percentile par nombre de réponses
Votre historique - résultats
Vous n’avez pas pris ce quiz